Anayasa ve partiler rejimi : (Kayıt no. 14699)

MARC ayrıntıları
000 -BAŞLIK
Sabit Uzunlukta Kontrol Alanı 00918nam a22002657a 4500
999 ## - SİSTEM KONTROL NUMARALARI (KOHA)
Koha Biblionumber 14699
Koha Biblioitemnumber 14699
003 - KONTROL NUMARASI IDENTIFIER
Denetim Alanı MIRAKIL
005 - SON İŞLEM TARİHİ VE ZAMANI
Denetim Alanı 20211221140127.0
008 - SABİT-BOY VERİ ELEMANLARI - GENEL BİLGİLER
Sabit Uzunlukta Kontrol Alanı 211221b tu ||||| |||| 00| 0 tur d
040 ## - KATALOGLAMA KAYNAK
Orijinal Kataloglama Ajansı TR-AnCHP
Metne Dönüştürmek Ajansı TR-AnCHP
041 ## - DİL KODU
Metin / Ses Parça Veya Ayrı Başlığın Dil Kodu tur
082 ## - DEWEY ONLU SINIFLANDIRMA NUMARASI
Sınıflandırma Numarası 324.2561
Ürün Numarası P36a 1985
100 ## - ANA GİRİŞ - KİŞİSEL İSİM
Kişisel Ad Perinçek, Doğu
245 10 - BAŞLIK TABLOSU
Başlık Anayasa ve partiler rejimi :
Başlığın Kalan Türkiye'de siyasi partilerin iç düzeni ve yasaklanması /
Sorumluluk Tablosu, Vb Doğu Perinçek.
246 ## - UNVAN FORM VARYING
Başlık Doğru / Kısa Başlığı Türkiye'de siyasi partilerin iç düzeni ve yasaklanması
250 ## - EDITION TABLOSU
Baskı Beyanı 2.bs.
260 ## - YAYIN, DAĞITIM, VB
Yayın, Dağıtım, Vb Yeri İstanbul :
Yayıncı, Dağıtıcı, Vs Adı Kaynak yayınları ;
Yayın, Dağıtım, Vb Tarihi 1985.
300 ## - FİZİKSEL TANIM
Kapsam 431 s.:
Boyutlar 19 sm.
490 0# - SERİSİ TABLOSU
Seri Beyanı Kaynak yayınları ;
Hacim / Ardışık Tanımı 70.
504 ## - KAYNAKÇA VB NOT
Kaynakça Vb Notu Kaynakça ve dizin vardır.
650 #0 - KONU KATMA GİRİŞ - TOPİKAL DÖNEM
Topikal Süreli Veya Coğrafi Ad Giriş Elemanı Siyaset ve yönetim
Genel Alt Bölümü Türkiye
9 (RLIN) 9
650 #0 - KONU KATMA GİRİŞ - TOPİKAL DÖNEM
Topikal Süreli Veya Coğrafi Ad Giriş Elemanı Siyasi partiler
Genel Alt Bölümü Türkiye
9 (RLIN) 804
650 #0 - KONU KATMA GİRİŞ - TOPİKAL DÖNEM
Topikal Süreli Veya Coğrafi Ad Giriş Elemanı Anayasa
Genel Alt Bölümü Türkiye
9 (RLIN) 5694
740 ## - KATMA GİRİŞ - KONTROLSUZ İLGİLİ / ANALİTİK BAŞLIK
Kontrol Edilmeyen / İlgili Analitik Başlıktaki Türkiye'de siyasi partilerin iç düzeni ve yasaklanması
942 ## - EKLENDİ GİRİŞ ELEMANLARI (KOHA)
Sınıflandırma Veya Raf Düzeni Kaynak Dewey Decimal Classification
Koha Öğesi Türü Kitaplar
Mevcut
Kalıcı Konum Mevcut Konum Edinme Tarihi Toplam Check-Out'Lar Tam Çağrı Numarası Barkod Tarih Son Görülme İtibaren Geçerli Fiyatlar Koha Öğesi Türü
CHP Kütüphanesi CHP Kütüphanesi 12/21/2021   324.2561 P36a 1985 020187 12/21/2021 12/21/2021 Kitaplar